[Event "Andalucia-chT Honor Occidental"]
[Site "Andalucia"]
[Date "2018.10.21"]
[Round "4.8"]
[White "Garrido Outon, Alex"]
[Black "Perez Caceres, Jorge"]
[Result "0-1"]
[WhiteElo "2114"]
[BlackElo "2012"]
[PlyCount "122"]
[EventDate "2018.09.30"]
[EventType "team-tourn"]
[EventRounds "7"]
[EventCountry "ESP"]
[SourceTitle "EXT 2020"]
[Source "ChessBase"]
[SourceDate "2019.10.17"]
[SourceVersion "1"]
[SourceVersionDate "2019.10.17"]
[SourceQuality "1"]
[WhiteTeam "Bahia Sur Pai Hotel"]
[BlackTeam "Shahmat"]
[WhiteTeamCountry "ESP"]
[BlackTeamCountry "ESP"]

1. e4 g6 2. d4 Bg7 3. c4 d6 4. Nc3 Nf6 5. f4 0-0 6. Nf3 Na6 7. Bd3 e5 8. fxe5 dxe5 9. d5 Nc5 10. Bc2 a5 11. 0-0 Ne8 12. Be3 b6 13. a3 Nd6 14. Qe2 Ba6 15. Nd2 f5 16. b4 Ncxe4 17. Ncxe4 fxe4 18. b5 Bc8 19. c5 Nf5 20. Bxe4 Rb8 21. Rac1 Nd4 22. Bxd4 exd4 23. Nc4 bxc5 24. Nxa5 Ra8 25. Nc4 Bb7 26. Rxf8+ Qxf8 27. Bf3 Re8 28. Qd3 Qf7 29. d6 Bxf3 30. Qxf3 Qxf3 31. gxf3 cxd6 32. Nxd6 Rd8 33. Ne4 d3 34. Kf2 Bb2 35. Rd1 c4 36. Ke3 Bxa3 37. Rb1 d2 38. Nxd2 c3 39. Nb3 c2 40. Re1 Rd1 41. Re2 c1Q+ 42. Nxc1 Bxc1+ 43. Ke4 Rd8 44. Rc2 Re8+ 45. Kd5 Be3 46. Re2 Kf7 47. Kc6 Re6+ 48. Kb7 Kf6 49. Rb2 Rb6+ 50. Kc7 Kf5 51. Rb3 Re6 52. Rb4 g5 53. h4 Bf4+ 54. Kd7 Rb6 55. hxg5 Kxg5 56. Ke8 h5 57. Rb2 h4 58. Rg2+ Bg3 59. Rb2 h3 60. Kf7 h2 61. Rb1 Kf4 0-1